|
|
|
|
| LEADER |
00000cam a2200000 7i4500 |
| 001 |
0000003744 |
| 005 |
20110504.0 |
| 020 |
0 |
0 |
|a 0643069402
|
| 090 |
0 |
0 |
|a 634.90994
|b NAM 2005
|
| 100 |
0 |
0 |
|a Nambiar, Sadanandan & Ferguson, Ian
|
| 245 |
1 |
0 |
|a New forests :
|b Wood production and environmental services
|c Nambiar, Sadanandan & Ferguson, Ian
|
| 260 |
0 |
0 |
|a Australia :
|b Csiro Publishing ,
|c 2005
|
| 300 |
|
|
|a vii, 242 p. :
|b ill. ;
|c 25 cm.
|
| 650 |
0 |
0 |
|a Forest and forestry---Economic aspects---Australia
|
| 650 |
0 |
0 |
|a Forest and forestry---Environment aspects---Australia
|
| 650 |
0 |
0 |
|a Salinization---Control---Australia
|
| 999 |
|
|
|a 007124
|b Monograph
|c Open Shelf
|e Default branch
|